Choices, values, and frames
Αποθηκεύτηκε σε:
| Άλλοι συγγραφείς: | , |
|---|---|
| Μορφή: | Βιβλίο |
| Γλώσσα: | English |
| Δημοσίευση: |
Cambridge :
Cambridge University Press,
2000
|
| Θέματα: | |
| Ετικέτες: |
Προσθήκη ετικέτας
Δεν υπάρχουν, Καταχωρήστε ετικέτα πρώτοι!
|
MARC
| LEADER | 00000nam a2200000 i 4500 | ||
|---|---|---|---|
| 001 | 1/60865 | ||
| 008 | 040914s2000 eng d | ||
| 020 | |a 0-521-62749-4 (pbk.) | ||
| 035 | |l 10074370 | ||
| 040 | |a GR-MY-UA |b gre |e aacr | ||
| 041 | 0 | |a eng | |
| 082 | 0 | |a 658.403 | |
| 245 | 1 | 0 | |a Choices, values, and frames / |c edited by Daniel Kahneman, Amos Tversky |
| 260 | |a Cambridge : |b Cambridge University Press, |c 2000 | ||
| 300 | |a 840 p. | ||
| 504 | |a Includes bibliographical references and index | ||
| 650 | 0 | 0 | |a Decision making. |
| 650 | 0 | 0 | |a Uncertainty. |
| 650 | 0 | 0 | |a Risk-taking (Psychology) |
| 650 | 0 | 0 | |a Value. |
| 700 | 1 | |a Kahneman, Daniel |d 1934- |4 edt | |
| 700 | 1 | |a Tversky, Amos. |4 edt | |
| 852 | |a INST |b CHIOS |e 20050322 |h 658.403 CHO |p 005200021886 |q 005200021886 |t BK |y 0 | ||
| 852 | |a INST |b CHIOS |e 20071130 |h 658.403 CHO |p 005200026104 |q 005200026104 |t BK |y 0 | ||
| 852 | |a INST |b RHODES |e 20040914 |h 658.403 CHO |p 005400018630 |q 005400018630 |t BK |y 0 | ||
| 901 | |a BIBL2-2005-1 | ||
| 901 | |a BIBL4-2004-3 | ||
| 901 | |a BIBL2-2007-3 | ||
| 909 | |a Ρ |b 113138 | ||
| 909 | |a Χ |b 113015 | ||
| 909 | |a Χ |b 131493 | ||
| 920 | |a ΔΙΕΥΡΥΝΣΗ |b ΕΠΕΑΕΚ-ΤΜΟΔ |y ΧΙΟΣ |z 2004-12 | ||
| 920 | |a ΕΡΕΥΝΗΤΙΚΟ ΠΡΟΓΡΑΜΜΑ "ΠΥΘΑΓΟΡΑΣ ΙΙ" |y ΧΙΟΣ |z 200711 | ||
| 922 | |a 4ΕΛΗ |b 200408 |c ΕΠΕΑΕΚ2/ΤΕΠΑΕΣ |d ΜΙΧΑΛΟΠΟΥΛΟΣ | ||
| 950 | |a 096-2004-06-17 | ||
| 970 | |a ΚΟΥΛΑΚΙΟΤΗ |b ΛΙΤΣΑ |z 2004/09/15 | ||